Juhász Gyula hálójából versmagyarázatok /

Elmentve itt :
Bibliográfiai részletek
Szerző: Péter László
További közreműködők: Juhász Gyula
Dokumentumtípus: Cikk
Megjelent: 1993
Sorozat:Tiszatáj 47 No. 10
Kulcsszavak:Magyar irodalom - költészet - műelemzés, Juhász Gyula
Online Access:http://tiszataj.bibl.u-szeged.hu/22971
LEADER 00675nab a2200193 i 4500
001 tisza22971
005 20200330153838.0
008 170308s1993 hu o 0|| hun d
022 |a 0133-1167 
040 |a SZTE Tiszatáj Archívum  |b hun 
041 |a hun 
100 1 |a Péter László 
245 1 0 |a Juhász Gyula hálójából   |h [elektronikus dokumentum] :  |b versmagyarázatok /  |c  Péter László 
260 |c 1993 
300 |a 1-23 
490 0 |a Tiszatáj  |v 47 No. 10 
695 |a Magyar irodalom - költészet - műelemzés, Juhász Gyula 
700 0 1 |a Juhász Gyula 
856 4 0 |u http://tiszataj.bibl.u-szeged.hu/22971/1/tiszataj_diakmelleklet_1993_010_001-023.pdf  |z Dokumentum-elérés